000 00693nam a2200241 i 4500
001 16587
003 ES-MaACL
005 20230906151345.0
007 t|
008 001018s2000 sp ||||1| spa d
020 _a84-264-1285-8
080 _a821.112.2-31"19"
100 1 _aWalser, Martin.
_9179999
245 1 3 _aLa guerra de Fink /
_cMartin Walser ; traducción de Daniel Najmías.
250 _a1ª ed.
260 _aBarcelona :
_bLumen,
_c2000.
300 _a277 p. ;
_c23 cm.
490 1 _aPalabra en el tiempo ;
_v285
700 1 _aNajmías, Daniel.
_984874
830 0 _aPalabra en el tiempo ;
_v285
_9177857
852 _aES-MaACL
_jL-23649
_bR.129005
999 _c16587
_d16587